| 000 | 00718nam a22001817a 4500 | ||
|---|---|---|---|
| 005 | 20230906164000.0 | ||
| 010 | _aHIN-125868 | ||
| 020 |
_c300.00 _a97899395084062 |
||
| 035 | _aHN-98214 | ||
| 037 | _bDBAD/PUB | ||
| 082 | _a821 | ||
| 100 |
_aशर्मा सुनीता _956094 |
||
| 245 |
_aअहसास के पल _cशर्मा सुनीता |
||
| 260 |
_aअलवर _bदीप ज्योति ग्रुप ऑफ पब्लिकेशन्स _c2023 |
||
| 270 |
_aमहावीर मार्ग ,अलवर _bअलवर _e301001 |
||
| 300 |
_a112 पृ. _c22सेमी.(सजिल्द) |
||
| 942 |
_2ddc _cHN _mशर्मा _h821 |
||
| 999 |
_c197945 _d197945 |
||